000 00532nam a22001697a 4500
005 20251108163335.0
008 250721s1990 xx 000 0 ara d
082 1 4 _a133/تزا
100 1 _aسليمان، سعد هادي
_eجامع
245 1 0 _aالتزامنية /
264 1 _aبغداد :
_bالدار الوطنية للنشر والتوزيع،
_c1990.
300 _a160 ص
490 0 _aسلسلة كتاب الباراسايكولوجي ؛ 8
650 1 7 _aعلم نفس التخاطر
942 _2ddc
_cBK
999 _c225
_d225